000 00776nas a2200253 4500
001 BR0600927
003 BR-BrBNA
005 20231205105843.0
007 ta
008 230509b bl.|||p| |||| 00| 00por d
040 _aBR-BrBNA
_bpor
_cBiblioteca Nacional de Agricultura
041 _a(Pt)
072 _aS20
100 1 _aWalter, M.
100 1 _aSilva, L.P. da
100 1 _aEmanuelli, T.
245 1 _aAmido resistente: características físico-químicas, propriedades fisiológicas e metodologias de quantificação
650 _aAMIDO
650 _aCARBOIDRATO
650 _aDIGESTÃO
773 0 _tCiência Rural (Brazil)
_xISSN 0103-8478
_g(Jul-Aug 2005), v. 35(4) p. 974-980
_wBR0600927
909 _a202311
_bLúcia
_c55
_dLúcia Elande
942 _2AGRIS
_n0
_cANA
999 _c185019
_d185019